Food and beverage management (Record no. 29387)

MARC details
000 -LEADER
fixed length control field 00528nam a22001937a 4500
003 - CONTROL NUMBER IDENTIFIER
control field OSt
005 - DATE AND TIME OF LATEST TRANSACTION
control field 20260417104848.0
008 - FIXED-LENGTH DATA ELEMENTS--GENERAL INFORMATION
fixed length control field 260417b |||||||| |||| 00| 0 eng d
020 ## - INTERNATIONAL STANDARD BOOK NUMBER
International Standard Book Number 9780199469833
082 ## - DEWEY DECIMAL CLASSIFICATION NUMBER
Classification number 647.95068
Item number S15F
100 ## - MAIN ENTRY--PERSONAL NAME
Personal name Seal, Partho Pratim
245 ## - TITLE STATEMENT
Title Food and beverage management
Statement of responsibility, etc by Partho Pratim Seal
260 ## - PUBLICATION, DISTRIBUTION, ETC. (IMPRINT)
Place of publication, distribution, etc New delhi
Name of publisher, distributor, etc Oxford university press
Date of publication, distribution, etc 2017
300 ## - PHYSICAL DESCRIPTION
Extent xii, 249p.
Other physical details PB
653 ## - INDEX TERM--UNCONTROLLED
Uncontrolled term Food safety
653 ## - INDEX TERM--UNCONTROLLED
Uncontrolled term Vendor management
653 ## - INDEX TERM--UNCONTROLLED
Uncontrolled term Banquet operations
942 ## - ADDED ENTRY ELEMENTS (KOHA)
Source of classification or shelving scheme Dewey Decimal Classification
Koha item type Books
Holdings
Withdrawn status Lost status Source of classification or shelving scheme Damaged status Not for loan Collection code Home library Current library Department Date acquired Cost, normal purchase price Total Checkouts Full call number Barcode Date last seen Price effective from Koha item type
    Dewey Decimal Classification     General Text Book Central University Of Rajasthan Central University Of Rajasthan Hotel Management 17/04/2026 550.00   647.95068 S15F 048162 17/04/2026 17/04/2026 Books
    Dewey Decimal Classification     General Text Book Central University Of Rajasthan Central University Of Rajasthan Hotel Management 17/04/2026 550.00   647.95068 S15F 048163 17/04/2026 17/04/2026 Books
    Dewey Decimal Classification     General Text Book Central University Of Rajasthan Central University Of Rajasthan Hotel Management 17/04/2026 550.00   647.95068 S15F 048164 17/04/2026 17/04/2026 Books
    Dewey Decimal Classification     General Text Book Central University Of Rajasthan Central University Of Rajasthan Hotel Management 17/04/2026 550.00   647.95068 S15F 048165 17/04/2026 17/04/2026 Books
    Dewey Decimal Classification     General Text Book Central University Of Rajasthan Central University Of Rajasthan Hotel Management 17/04/2026 550.00   647.95068 S15F 048166 17/04/2026 17/04/2026 Books